Internal combustion engine handbook: basics, components, systems, and perspectives

Sparad:
Bibliografiska uppgifter
Huvudupphovsmän: Basshuysen, Richard van (Författare, medförfattare), Schafer, Fred (Författare, medförfattare)
Materialtyp: Bok
Språk:engelska
Publicerad: Warrendale SAE 2004
Ämnen:
Taggar: Lägg till en tagg
Inga taggar, Lägg till första taggen!

MARC

LEADER 00000nam a2200000 a 4500
001 UCG5691
003 CL-VaPUC
008 110317e20040000us |||||||||||||||||eng|d
020 |a 0768011396 
082 0 4 |a 629.2503  |b BAS  |2 21 
100 0 |a Basshuysen, Richard van  |e author  |9 555442 
700 0 |a Schafer, Fred  |e author  |9 555443 
245 1 0 |a Internal combustion engine handbook: basics, components, systems, and perspectives 
300 |a 811 p 
942 |c BK 
945 |d 20110317 00:00:00  |a dcastane 
260 |a Warrendale  |b SAE  |c 2004 
650 0 |a Combustión  |9 339668 
650 0 |a Motores de combustión interna  |9 261038 
650 0 |a Termodinámica   |9 259320 
650 7 |a COMBUSTION INTERNA  |2 CL-VaPUC  |9 391535 
583 |a last modification  |c 20171211 06:51:53  |k Rodrigo Vera 
999 |c 344086  |d 344084 
952 |0 0  |1 0  |4 0  |6 629_250300000000000_BAS_2004  |7 0  |8 F  |9 441875  |a BIBMEC  |b BIBMEC  |d 2019-11-22  |i 4756142  |o 629.2503 BAS 2004  |p 4756142  |r 2019-11-22  |w 2019-11-22  |y BK_F  |k MEC